| 000 | 00378cam a22001097a 4500 | ||
|---|---|---|---|
| 008 | 180718b1957 xxu||||| |||| 00| 0 eng d | ||
| 082 | _aR8x42 T675/89 | ||
| 245 |
_aReport of proceedings at the 89th annual trades union congress _cedited by Vincent Tewson |
||
| 260 |
_aLondon _bAuthority of the Congress and the General Council _c1957 |
||
| 300 | _a543p. | ||
| 700 | _aTewson, Vincent | ||
| 999 |
_c500974 _d500974 |
||